|
|
|
|
| LEADER |
01341cam a2200313 i 4500 |
| 001 |
2299709 |
| 003 |
GR-PaULI |
| 005 |
20210117203302.0 |
| 008 |
810108s1981 nyu b 001 0 eng |
| 040 |
|
|
|a DLC
|c DLC
|d
|b gre
|e AACR2
|
| 041 |
1 |
|
|a eng
|h rus
|
| 082 |
0 |
0 |
|a 515
|2 23
|
| 100 |
1 |
|
|a Ibragimov, I. A.
|q (Ilʹdar Abdulovich)
|9 163012
|d συγγραφέας.
|
| 240 |
1 |
0 |
|a Asimptoticheskaia teoriia otsenivaniia.
|l English
|
| 245 |
1 |
0 |
|a Statistical estimation--asymptotic theory /
|c I. A. Ibragimov, R. Z. Hasʹminskii ; translated by Samuel Kotz.
|
| 260 |
|
|
|a New York :
|b Springer-Verlag,
|c c1981.
|
| 300 |
|
|
|a vii, 403 σ. ;
|c 24 εκ.
|
| 490 |
|
|
|a Applications of mathematics ;
|v 16.
|
| 500 |
|
|
|a
|
| 500 |
|
|
|a
|
| 504 |
|
|
|a Περιλαμβάνει βιβλιογραφία και ευρετήριο.
|
| 650 |
|
0 |
|a Μαθηματική ανάλυση
|9 129
|
| 700 |
1 |
|
|a Khasʹminskii, R. Z.
|q (Rafail Zalmanovich)
|e συγγραφέας.
|9 163013
|
| 767 |
|
|
|i Μετάφραση του :
|t Asimptoticheskaia teoriia otsenivaniia.
|
| 830 |
|
|
|9 163008
|a Applications of mathematics
|v 16.
|
| 942 |
|
|
|2 ddc
|c BKN
|
| 952 |
|
|
|0 0
|1 0
|2 ddc
|4 0
|6 Π_Σ_515_000000000000000_IBR
|7 0
|9 110797
|a LISP
|b LISP
|c REF
|d 2016-04-24
|i 09841
|l 0
|o Π/Σ 515 IBR
|p 025000001527
|r 2016-04-24 00:00:00
|t 1
|y BKN
|
| 998 |
|
|
|c ΜΠΟΥΡΑΣ
|d 2017-06
|
| 999 |
|
|
|c 74165
|d 74165
|